Pensar el arte hoy : el cuerpo /

Detalles Bibliográficos
Autor principal: Sanabria Bohórquez, Carlos Eduardo (Autor, Editor)
Formato: Electrónico eBook
Lenguaje:español
Publicado: Bogotá : Fundación Universidad de Bogotá Jorge Tadeo Lozano, [2015]
Materias:
Acceso en línea:Digitalia Hispánica

MARC

LEADER 00000nam a2200000Ii 4500
001 DIGEJTLOZ227
003 NyNyDIG
006 m o d
007 cr |||||||||||
008 250404s2015 ck a ob 000 0 spa d
035 |a (OCoLC)1513492596 
040 |a DGITA  |b eng  |e rda  |e pn  |c DGITA 
020 |z 9789587251630 
050 1 4 |a N7570 ebook 
245 0 0 |a Pensar el arte hoy :  |b el cuerpo /  |c Carlos Eduardo Sanabria Bohórquez [and 12 others] ; editor académico, Carlos Eduardo Sanabria Bohórquez. 
264 1 |a Bogotá :  |b Fundación Universidad de Bogotá Jorge Tadeo Lozano,  |c [2015] 
300 |a 1 online resource :  |b illustrations. 
336 |a text  |b txt  |2 rdacontent 
337 |a computer  |b c  |2 rdamedia 
338 |a online resource  |b cr  |2 rdacarrier 
347 |a text file  |2 rdaft 
347 |b PDF 
504 |a Includes bibliographical references. 
588 0 |a Online resource; title from PDF title page (Digitalia, viewed April 4, 2025) 
650 0 |a Human figure in art. 
650 0 |a Aesthetics. 
650 0 |a Art  |x Philosophy. 
700 1 |a Sanabria Bohórquez, Carlos Eduardo,  |e author,  |e editor. 
791 2 |a Digitalia (Firm),  |e distributor. 
793 0 |g Digitalia eBook Collection:  |a Editorial Jorge Tadeo Lozano 
776 0 8 |i Print version:  |t Pensar el arte hoy.  |d Bogotá : Fundación Universidad de Bogotá Jorge Tadeo Lozano, [2015]  |z 9789587251630 
856 4 0 |3 Digitalia Hispánica  |u https://www.digitaliapublishing.com/a/171427/ 
910 |a Premium collection: 2025